Munch

Сохранить в:
Библиографические подробности
Главный автор: Hüttinger, Eduard (Автор)
Формат:
Язык:испанский
Опубликовано: Buenos Aires Viscontea 1978
Редактирование:1a. ed
Серии:Los Grandes Pintores, 42
Предметы:
Метки: Добавить метку
Нет меток, Требуется 1-ая метка записи!

MARC

LEADER 00000cam a2200000 a 4500
001 UCE0875
003 CL-VaPUC
008 140317e19780000ag |||||||||||||||||spa|d
082 0 4 |a 759.81  |b HUT  |2 21 
100 |a Hüttinger, Eduard  |e author  |9 573253 
245 1 0 |a Munch 
250 |a 1a. ed 
300 |a 16 p 
942 |c BK 
945 |d 20140317 10:17:00  |a cmena 
260 |a Buenos Aires  |b Viscontea  |c 1978 
600 0 |a Munch, Edvard  |9 474961 
650 0 |a Pintura noruega  |9 468783 
650 7 |a EXPRESIONISMO  |2 CL-VaPUC  |9 268711 
583 |a last modification  |c 20140317 10:17:00  |k Rodrigo Vera 
490 0 |a Los Grandes Pintores, 42 
999 |c 354880  |d 354878 
952 |0 0  |1 0  |3 erb  |4 0  |6 759_810000000000000_HUT_1978  |7 0  |8 A  |9 461104  |a BIBART  |b BIBART  |i 5004349  |o 759.81 HUT 1978  |p 5004349  |r 2025-03-13  |w 2019-11-23  |y BK  |z Catalogado en:20140317  |k ART